Только две страны... - Statistics

General Stats
  • This quiz has been taken 37 times
  • The average score is 11 of 15
Answer Stats
Характеристика Страны % Correct
... имеют население более 1 млрд. человек Индия / Китай
100%
... в названии имеют слово "Африканская" Центрально-Африканская Республика / Южно-Африканская Республика
93%
... полностью окружены Италией Ватикан / Сан-Марино
93%
... в Южной Америке не имеют выхода к морю Боливия / Парагвай
90%
... говорят на румынском языке Молдова / Румыния
90%
... начинаются на "З" Замбия / Зимбабве
87%
... граничат только с Индией и Китаем Бутан / Непал
83%
... в Африке никогда не были завоёваны европейскими странами Либерия / Эфиопия
80%
... являются островными странами в Средиземном море Кипр / Мальта
80%
... граничат с девятью странами Германия / Демократическая Республика Конго
77%
... являются абсолютными мусульманскими теократическими монархиями Бруней / Саудовская Аравия
73%
... юридически не имеют столицы Науру / Швейцария
70%
... являются островными государствами, в которых говорят на португальском языке Кабо-Верде / Сан-Томе и Принсипи
47%
... расположены на Эспаньоле Гаити / Доминиканская Республика
43%
... в качестве валюты используют манат Азербайджан / Туркменистан
37%
No matching quizzes found
Score Distribution
Percent of People with Each Score
Percentile by Number Answered
Your Score History
You have not taken this quiz